[Event "26. Copenhagen Open  (Politiken Cup)"]
[Site "Taastrup"]
[Date "2004.07.28"]
[Round "6"]
[White "Hansen, Herluf"]
[Black "Adnoy, Hallvard V"]
[Result "0-1"]
[WhiteElo "2028"]
[BlackElo "2204"]
[PlyCount "80"]
[EventDate "2004.07.24"]
[EventType "swiss"]
[EventRounds "10"]
[EventCountry "DEN"]
[SourceDate "2004.01.01"]

1. d4 Nf6 2. c4 e6 3. Nc3 d5 4. Nf3 Be7 5. cxd5 exd5 6. Bf4 O-O 7. e3 c6 8. Qc2
Re8 9. Bd3 Nbd7 10. O-O Nf8 11. h3 Bd6 12. Bxd6 Qxd6 13. Rac1 Ng6 14. Na4 Ne4
15. Nc5 f5 16. b4 b6 17. Nb3 Bd7 18. Ba6 Re6 19. b5 cxb5 20. Qc7 b4 21. Bb7
Rae8 22. Qxd6 Rxd6 23. Rc7 Bb5 24. Rfc1 Nc3 25. Rc2 Bc4 26. Bc6 Red8 27. Nc1
Nxa2 28. Nxa2 b3 29. Rxc4 dxc4 30. Nc3 a6 31. Nd2 b5 32. Bxb5 axb5 33. Nxb5 Rb6
34. Nc3 Rb4 35. Ncb1 Ra8 36. Nxc4 Ra2 37. Nca3 Ra4 38. Nb5 Rc2 39. N5c3 Ra1 40.
Rb7 Rxc3 0-1

[Event "26. Copenhagen Open  (Politiken Cup)"]
[Site "Taastrup"]
[Date "2004.07.28"]
[Round "6"]
[White "Hansen, Torbjorn Ringdal"]
[Black "Hvenekilde, Jorgen"]
[Result "1-0"]
[WhiteElo "2346"]
[BlackElo "2239"]
[PlyCount "55"]
[EventDate "2004.07.24"]
[EventType "swiss"]
[EventRounds "10"]
[EventCountry "DEN"]
[SourceDate "2004.01.01"]

1. d4 d5 2. c4 e5 3. dxe5 d4 4. Nf3 Nc6 5. g3 Bg4 6. Bg2 Nge7 7. O-O Ng6 8. Qb3
Qd7 9. Qxb7 Rd8 10. Qb5 Be7 11. Qd5 O-O 12. Qxd7 Rxd7 13. b3 Bxf3 14. Bxf3
Ncxe5 15. Bd5 d3 16. exd3 Nxd3 17. Ba3 Nb4 18. Bxb4 Bxb4 19. a3 Be7 20. Nc3 Bf6
21. Rac1 Ne7 22. Rfd1 Bxc3 23. Rxc3 Rfd8 24. Rcd3 Nxd5 25. Rxd5 Rxd5 26. Rxd5
Rxd5 27. cxd5 Kf8 28. Kg2 1-0

[Event "26. Copenhagen Open  (Politiken Cup)"]
[Site "Taastrup"]
[Date "2004.07.28"]
[Round "6"]
[White "Hartvig, Ove Weiss"]
[Black "Olsson, Tomas"]
[Result "1-0"]
[WhiteElo "2270"]
[BlackElo "2099"]
[PlyCount "51"]
[EventDate "2004.07.24"]
[EventType "swiss"]
[EventRounds "10"]
[EventCountry "DEN"]
[SourceDate "2004.01.01"]

1. e4 e5 2. d4 exd4 3. Qxd4 Nc6 4. Qe3 Nf6 5. Bd2 Bb4 6. Nc3 O-O 7. O-O-O Re8
8. Qg3 Rxe4 9. a3 Bd6 10. f4 Re8 11. Nf3 Bc5 12. Bc4 Ne7 13. Bd3 d6 14. Nh4 d5
15. f5 Bd6 16. Qh3 d4 17. Ne2 c5 18. g4 Qc7 19. Bc4 Bd7 20. Qb3 Kf8 21. g5 Ng4
22. Bxf7 c4 23. Bxc4 Ne5 24. Bd3 Nxd3+ 25. Qxd3 Kg8 26. f6 1-0

[Event "26. Copenhagen Open  (Politiken Cup)"]
[Site "Taastrup"]
[Date "2004.07.28"]
[Round "6"]
[White "Henrichsen, Jens"]
[Black "Refsgaard, Kaj"]
[Result "0-1"]
[WhiteElo "2084"]
[BlackElo "1493"]
[PlyCount "138"]
[EventDate "2004.07.24"]
[EventType "swiss"]
[EventRounds "10"]
[EventCountry "DEN"]
[SourceDate "2004.01.01"]

1. d4 d5 2. c4 c6 3. Nf3 g6 4. Nc3 Bg7 5. Qb3 e6 6. Bf4 Nf6 7. e3 O-O 8. h3 a6
9. Be2 Nbd7 10. O-O dxc4 11. Bxc4 Nb6 12. Be2 Nbd5 13. Bh2 b5 14. Rac1 Bb7 15.
Ne5 Rc8 16. Nd3 a5 17. Bf3 a4 18. Nxa4 Ba8 19. Nac5 Nb6 20. Qc2 Nfd5 21. b3 Qe7
22. Qd2 Qg5 23. Ne4 Qh6 24. Nb4 Nxb4 25. Qxb4 f5 26. Bf4 g5 27. Nxg5 Qg6 28. h4
h6 29. h5 Qf6 30. Nh3 Nd5 31. Bxd5 exd5 32. Be5 Qh4 33. Bxg7 Kxg7 34. Nf4 Rf7
35. Nxd5 c5 36. Rxc5 Bxd5 37. Rxd5 Rg8 38. Qd6 Kh7 39. Qh2 Rxg2+ 40. Kxg2 Qe4+
41. f3 Rg7+ 42. Kh1 Qxd5 43. Qe5 Qf7 44. e4 Rg5 45. Rf2 Qxh5+ 46. Qh2 Qf7 47.
Qf4 Qh5+ 48. Rh2 Qg6 49. Qe3 fxe4 50. fxe4 Rg3 51. Qe1 Qg4 52. Qf1 Qxe4+ 53.
Rg2 Rh3+ 54. Kg1 Qxd4+ 55. Rf2 Rg3+ 56. Kh1 Qe4+ 57. Rg2 Qxg2+ 58. Qxg2 Rxg2
59. Kxg2 b4 60. Kg3 Kg6 61. Kg4 h5+ 62. Kh4 Kh6 63. Kh3 Kg5 64. Kg3 h4+ 65. Kf3
Kf5 66. Ke3 Kg4 67. Kf2 h3 68. Kg1 Kg3 69. Kh1 h2 0-1

[Event "26. Copenhagen Open  (Politiken Cup)"]
[Site "Taastrup"]
[Date "2004.07.28"]
[Round "6"]
[White "Holm, Sejer"]
[Black "Norton, Craig"]
[Result "1-0"]
[WhiteElo "2296"]
[BlackElo "2108"]
[PlyCount "43"]
[EventDate "2004.07.24"]
[EventType "swiss"]
[EventRounds "10"]
[EventCountry "DEN"]
[SourceDate "2004.01.01"]

1. d4 Nf6 2. c4 e6 3. Nf3 d5 4. Nc3 Be7 5. cxd5 exd5 6. Bg5 O-O 7. e3 c6 8. Qc2
Ne4 9. Bf4 Re8 10. Bd3 f5 11. h3 Bd6 12. O-O-O Na6 13. Bxa6 bxa6 14. Bxd6 Nxd6
15. Ne5 f4 16. exf4 Bf5 17. Qa4 Rxe5 18. dxe5 Nb5 19. g4 Nxc3 20. bxc3 Be4 21.
Qxe4 Qa5 22. Qb4 1-0

[Event "26. Copenhagen Open  (Politiken Cup)"]
[Site "Taastrup"]
[Date "2004.07.28"]
[Round "6"]
[White "Holst, Conny"]
[Black "Jakobsen, Ole"]
[Result "0-1"]
[WhiteElo "2141"]
[BlackElo "2379"]
[PlyCount "104"]
[EventDate "2004.07.24"]
[EventType "swiss"]
[EventRounds "10"]
[EventCountry "DEN"]
[SourceDate "2004.01.01"]

1. d4 d5 2. c4 e6 3. Nc3 Be7 4. Nf3 Nf6 5. Bg5 O-O 6. e3 Nbd7 7. Rc1 a6 8. cxd5
exd5 9. Bd3 c6 10. O-O Re8 11. Qc2 Nf8 12. Ne5 Ng4 13. Bxe7 Qxe7 14. Nxg4 Bxg4
15. Rfe1 Rad8 16. h3 Bc8 17. Ne2 g6 18. Rb1 Qh4 19. Kh2 Ne6 20. Ng1 Ng5 21. b4
Ne4 22. a4 Bf5 23. Nf3 Qe7 24. Rec1 Rc8 25. g4 Qd6+ 26. Kg2 Be6 27. Ne5 f6 28.
Bxe4 dxe4 29. Nc4 Qc7 30. Na5 Bd5 31. Nb3 f5 32. gxf5 Qf7 33. Kh2 Qxf5 34. Rg1
Rf8 35. Rb2 Qh5 36. Rg3 Rf3 37. Nc5 Rcf8 38. Nd7 Rxg3 39. fxg3 Rf3 40. Qc5 Qg5
41. Qd6 Qd8 42. b5 axb5 43. axb5 Rf7 44. bxc6 Bxc6 45. d5 Qxd7 46. Qxd7 Bxd7
47. Rxb7 h5 48. Rb4 Rf2+ 49. Kg1 Rd2 50. Rxe4 Rxd5 51. g4 hxg4 52. hxg4 Rg5 0-1

[Event "26. Copenhagen Open  (Politiken Cup)"]
[Site "Taastrup"]
[Date "2004.07.28"]
[Round "6"]
[White "Hyldkrog, Lars"]
[Black "Gerstoft, Philip"]
[Result "1-0"]
[WhiteElo "2080"]
[BlackElo "1285"]
[PlyCount "65"]
[EventDate "2004.07.24"]
[EventType "swiss"]
[EventRounds "10"]
[EventCountry "DEN"]
[SourceDate "2004.01.01"]

1. e4 d5 2. exd5 Qxd5 3. Nc3 Qa5 4. d4 Nf6 5. Nf3 c6 6. Bd2 Qc7 7. Bc4 b5 8.
Bd3 g6 9. h3 Bg7 10. O-O O-O 11. Qc1 Rd8 12. Re1 a5 13. a3 Nd5 14. Nxd5 Rxd5
15. c3 Bf6 16. Bf4 Qb6 17. Ne5 Nd7 18. Be4 Bxe5 19. dxe5 Rxe5 20. Bxe5 Nxe5 21.
Qf4 Nc4 22. b3 Nd6 23. Bf3 Ra7 24. Re2 Be6 25. Rb1 Bf5 26. Rbe1 Be6 27. Rb2 a4
28. bxa4 Nc4 29. Rxe6 Nxb2 30. Rxc6 Qa5 31. axb5 Qxb5 32. Rc8+ Kg7 33. Qd4+ 1-0

[Event "26. Copenhagen Open  (Politiken Cup)"]
[Site "Taastrup"]
[Date "2004.07.28"]
[Round "6"]
[White "Jaeger, Frode Bull"]
[Black "Fredriksen, Jan Gunnar"]
[Result "1-0"]
[WhiteElo "2035"]
[BlackElo "1766"]
[PlyCount "53"]
[EventDate "2004.07.24"]
[EventType "swiss"]
[EventRounds "10"]
[EventCountry "DEN"]
[SourceDate "2004.01.01"]

1. e4 a6 2. d4 b5 3. Nf3 Bb7 4. Bd3 e6 5. O-O c5 6. c3 d5 7. e5 Qb6 8. a3 a5 9.
Ng5 cxd4 10. cxd4 Nc6 11. Be3 g6 12. Nc3 Ba6 13. Rc1 h6 14. Nf3 Nge7 15. g4 Qb7
16. Qe2 b4 17. Nb5 Bxb5 18. Bxb5 Bg7 19. a4 O-O 20. Nd2 f6 21. exf6 Rxf6 22.
Nb3 Qc7 23. g5 Rf7 24. gxh6 Bxh6 25. Bxh6 Rh7 26. Qxe6+ Kh8 27. Rxc6 1-0

[Event "26. Copenhagen Open  (Politiken Cup)"]
[Site "Taastrup"]
[Date "2004.07.28"]
[Round "6"]
[White "Jensen, Alexander Lindberg"]
[Black "Marcussen, Johnni A"]
[Result "1/2-1/2"]
[WhiteElo "1567"]
[BlackElo "1359"]
[PlyCount "53"]
[EventDate "2004.07.24"]
[EventType "swiss"]
[EventRounds "10"]
[EventCountry "DEN"]
[SourceDate "2004.01.01"]

1. d4 Nf6 2. c4 e6 3. Nc3 d5 4. Nf3 c5 5. e3 Nc6 6. Be2 Be7 7. b3 b6 8. Bb2 Bb7
9. O-O O-O 10. h3 Rc8 11. dxc5 Bxc5 12. cxd5 exd5 13. Nb5 a6 14. Nbd4 Nxd4 15.
Nxd4 Re8 16. Rc1 Ne4 17. Bf3 Bd6 18. Bxe4 Rxe4 19. Qh5 Rxc1 20. Rxc1 g6 21. Qf3
Be5 22. Nc6 Bxc6 23. Bxe5 Rxe5 24. Rxc6 Re6 25. Rc2 a5 26. Rd2 Rd6 27. Qf4
1/2-1/2

[Event "26. Copenhagen Open  (Politiken Cup)"]
[Site "Taastrup"]
[Date "2004.07.28"]
[Round "6"]
[White "Jensen, Brian W"]
[Black "Tandrup, Michael"]
[Result "1-0"]
[WhiteElo "1623"]
[BlackElo "1955"]
[PlyCount "105"]
[EventDate "2004.07.24"]
[EventType "swiss"]
[EventRounds "10"]
[EventCountry "DEN"]
[SourceDate "2004.01.01"]

1. c4 Nf6 2. Nc3 e5 3. e4 Nc6 4. d3 d6 5. Bg5 Be7 6. Nge2 h6 7. Be3 Ng4 8. Bc1
O-O 9. f3 Nf6 10. Be3 Be6 11. Nd5 Bxd5 12. cxd5 Nb8 13. Qb3 b6 14. Rc1 Nbd7 15.
g3 Nc5 16. Qc2 a5 17. d4 exd4 18. Nxd4 Nfd7 19. Nc6 Qe8 20. f4 Bf6 21. Bxc5
Nxc5 22. Bg2 Bxb2 23. Rd1 Bf6 24. O-O Qd7 25. e5 dxe5 26. fxe5 Bg5 27. Rfe1
Rae8 28. Qe2 Kh8 29. h4 Bd8 30. Qh5 Qc8 31. Kh2 Qa6 32. Bf1 b5 33. Rb1 Qc8 34.
Rxb5 Nd7 35. Bh3 f5 36. Bxf5 Qa6 37. Bd3 Nc5 38. Qg6 Nxd3 39. Qxd3 Rf2+ 40. Kg1
Rb2 41. a4 Rxb5 42. Qxb5 Qxb5 43. axb5 Be7 44. Re4 Bc5+ 45. Kf1 Rf8+ 46. Rf4
Rxf4+ 47. gxf4 a4 48. h5 a3 49. Na5 Kg8 50. Ke2 a2 51. Nb3 Bd4 52. Kd3 Bb2 53.
d6 1-0

[Event "26. Copenhagen Open  (Politiken Cup)"]
[Site "Taastrup"]
[Date "2004.07.28"]
[Round "6"]
[White "Jensen, Jan Erik"]
[Black "Schonberg, Pauli"]
[Result "0-1"]
[WhiteElo "1259"]
[BlackElo "1421"]
[PlyCount "62"]
[EventDate "2004.07.24"]
[EventType "swiss"]
[EventRounds "10"]
[EventCountry "DEN"]
[SourceDate "2004.01.01"]

1. e4 b6 2. b4 Bb7 3. Nc3 e5 4. a3 Nf6 5. d3 c5 6. b5 d5 7. exd5 Nxd5 8. Nxd5
Bxd5 9. Nf3 Bd6 10. Bb2 Nd7 11. Be2 Qe7 12. c4 Bb7 13. O-O O-O 14. Nd2 f5 15.
f3 Qg5 16. Bc1 Qh4 17. g3 Qd4+ 18. Rf2 Qxa1 19. Nb3 Qa2 20. Bf1 Bxf3 21. Rxf3
e4 22. Rf2 Qxf2+ 23. Kxf2 Ne5 24. Kg2 Rad8 25. Bf4 Ng4 26. Be2 Bxf4 27. gxf4
Ne3+ 28. Kf2 Nxd1+ 29. Bxd1 Rxd3 30. Ke2 Rfd8 31. Bc2 Rh3 0-1

[Event "26. Copenhagen Open  (Politiken Cup)"]
[Site "Taastrup"]
[Date "2004.07.28"]
[Round "6"]
[White "Jensen, Leif"]
[Black "Gaspariants, Garry"]
[Result "1/2-1/2"]
[WhiteElo "2057"]
[BlackElo "2293"]
[PlyCount "30"]
[EventDate "2004.07.24"]
[EventType "swiss"]
[EventRounds "10"]
[EventCountry "DEN"]
[SourceDate "2004.01.01"]

1. e4 e5 2. Nc3 Nf6 3. f4 d5 4. fxe5 Nxe4 5. Nf3 Nc6 6. Bb5 a6 7. Bxc6+ bxc6 8.
Qe2 Ng5 9. Nxg5 Qxg5 10. O-O Bc5+ 11. Kh1 Bg4 12. Qe1 Qh5 13. Qg3 O-O 14. d3
Bd4 15. Rf4 Bxc3 1/2-1/2

[Event "26. Copenhagen Open  (Politiken Cup)"]
[Site "Taastrup"]
[Date "2004.07.28"]
[Round "6"]
[White "Jensen, Mads"]
[Black "Reppen, Ellisiv"]
[Result "1/2-1/2"]
[WhiteElo "1277"]
[BlackElo "1668"]
[PlyCount "96"]
[EventDate "2004.07.24"]
[EventType "swiss"]
[EventRounds "10"]
[EventCountry "DEN"]
[SourceDate "2004.01.01"]

1. d4 d5 2. c4 e6 3. Nc3 Nf6 4. Bg5 Be7 5. Nf3 O-O 6. e3 b6 7. Bd3 Bb7 8. Qc2
h6 9. Bxf6 Bxf6 10. O-O dxc4 11. Be4 Bxe4 12. Qxe4 Nd7 13. Qc6 Rc8 14. Qxc4 c5
15. Qa4 cxd4 16. Nxd4 Nc5 17. Qd1 e5 18. Nf3 e4 19. Nd4 Bxd4 20. Qxd4 Qxd4 21.
exd4 Nd3 22. Nxe4 Nxb2 23. Rab1 Rc2 24. Rfc1 Rxc1+ 25. Rxc1 Rd8 26. f3 Rxd4 27.
Rc8+ Kh7 28. Rc7 Ra4 29. Rxf7 Rxa2 30. Nd6 Kg6 31. f4 Nd3 32. f5+ Kh7 33. h3
Kg8 34. Re7 Nf4 35. Re8+ Kh7 36. Nf7 g5 37. Nd6 Kg7 38. Re7+ Kf6 39. Rf7+ Ke5
40. Ne8 a5 41. f6 Nd5 42. Rh7 Nxf6 43. Nxf6 Kxf6 44. Rxh6+ Ke5 45. Rxb6 a4 46.
Rb5+ Kf4 47. Kh2 Re2 48. Ra5 Ra2 1/2-1/2

[Event "26. Copenhagen Open  (Politiken Cup)"]
[Site "Taastrup"]
[Date "2004.07.28"]
[Round "6"]
[White "Jensen, Paul Johan"]
[Black "Soupizon, Remi"]
[Result "0-1"]
[WhiteElo "1358"]
[BlackElo "2003"]
[PlyCount "136"]
[EventDate "2004.07.24"]
[EventType "swiss"]
[EventRounds "10"]
[EventCountry "DEN"]
[SourceDate "2004.01.01"]

1. c4 c6 2. g3 d5 3. cxd5 cxd5 4. d4 Nf6 5. Bg2 Nc6 6. Nc3 e6 7. a3 Be7 8. Nf3
O-O 9. O-O b6 10. Bf4 Bb7 11. Qd3 Rc8 12. Nd2 Nh5 13. Be3 f5 14. f3 f4 15. Bf2
fxg3 16. hxg3 Bd6 17. f4 g5 18. Bf3 Qe8 19. Kg2 gxf4 20. Rh1 Nf6 21. Rh6 Ne7
22. Bh5 Ba6 23. Qc2 Qc6 24. Rh1 Nf5 25. Rxf6 Rxf6 26. g4 Nxd4 27. Bxd4 e5 28.
Bxe5 Bxe5 29. g5 Rff8 30. Bf3 Qg6 31. Bxd5+ Kg7 32. Nde4 f3+ 33. exf3 Rfd8 34.
Rh6 Rxd5 35. Rxg6+ hxg6 36. Qa4 Bd3 37. Qxa7+ Rc7 38. Qxb6 Bxe4 39. fxe4 Rd2+
40. Kf3 Rf7+ 41. Ke3 Bf4+ 42. Kf3 Bc7+ 43. Qf6+ Rxf6+ 44. gxf6+ Kxf6 45. Nd5+
Ke5 46. Nxc7 Rxb2 47. Nd5 Rb3+ 48. Kg4 Rxa3 49. Ne7 Kf6 50. Nd5+ Kf7 51. Nf4
Re3 52. Nh3 Kf6 53. Nf2 Ke5 54. Nh3 Rxe4+ 55. Kg5 Re3 56. Nf2 Rg3+ 57. Kh4 Rg1
58. Kh3 Kf5 59. Kh2 Ra1 60. Kg3 Ra3+ 61. Kg2 Ra2 62. Kg3 Rxf2 63. Kxf2 Kf4 64.
Kg2 Kg4 65. Kg1 Kg3 66. Kf1 g5 67. Kg1 g4 68. Kh1 Kf2 0-1

[Event "26. Copenhagen Open  (Politiken Cup)"]
[Site "Taastrup"]
[Date "2004.07.28"]
[Round "6"]
[White "Jorgensen, Dennis"]
[Black "Thomassen, Thomas"]
[Result "1-0"]
[WhiteElo "2180"]
[BlackElo "1860"]
[PlyCount "59"]
[EventDate "2004.07.24"]
[EventType "swiss"]
[EventRounds "10"]
[EventCountry "DEN"]
[SourceDate "2004.01.01"]

1. d4 d5 2. c4 c6 3. Nf3 Nf6 4. e3 e6 5. Nc3 Nbd7 6. Qc2 Bd6 7. g4 dxc4 8. g5
Nd5 9. Bxc4 b5 10. Be2 Bb7 11. Bd2 Rc8 12. Rg1 b4 13. Ne4 Be7 14. Ne5 Nxe5 15.
dxe5 Qb6 16. Rg4 c5 17. Rc1 a5 18. Rh4 b3 19. axb3 Nb4 20. Qb1 g6 21. Bc4 h5
22. f4 Qc6 23. Nf2 Qg2 24. e4 Rd8 25. Be3 Nc6 26. Bf1 Qg1 27. Ng4 Qh1 28. Kf2
Nxe5 29. Bb5+ Kf8 30. Rxh1 1-0

[Event "26. Copenhagen Open  (Politiken Cup)"]
[Site "Taastrup"]
[Date "2004.07.28"]
[Round "6"]
[White "Jorgensen, Gert"]
[Black "Peschardt, Soren"]
[Result "0-1"]
[WhiteElo "2087"]
[BlackElo "2200"]
[PlyCount "120"]
[EventDate "2004.07.24"]
[EventType "swiss"]
[EventRounds "10"]
[EventCountry "DEN"]
[SourceDate "2004.01.01"]

1. Nf3 f5 2. d4 Nf6 3. c4 e6 4. g3 d5 5. cxd5 exd5 6. Bg2 c6 7. O-O Bd6 8. Nc3
O-O 9. Ne5 Be6 10. Qb3 Qb6 11. Qxb6 axb6 12. Nd3 Na6 13. Bf4 Bxf4 14. Nxf4 Bf7
15. a3 b5 16. Nd3 Ne4 17. Nxe4 dxe4 18. Ne5 Rfd8 19. Rfd1 b4 20. g4 Be6 21.
gxf5 Bxf5 22. f4 Nc7 23. e3 Nd5 24. Kf2 Ra4 25. axb4 Rxb4 26. Rd2 h6 27. Ra3
Nf6 28. Bf1 Be6 29. Rc2 Kh7 30. Ke2 g5 31. fxg5 hxg5 32. Kd2 Bb3 33. Rc5 Bd5
34. Kc3 Rb6 35. b4 Be6 36. Nc4 Rb5 37. Rxb5 cxb5 38. Nb2 Nd5+ 39. Kd2 Rf8 40.
Bxb5 Rf2+ 41. Kc1 Nxb4 42. Na4 Rxh2 43. Nc5 Bd5 44. Bd7 Kg6 45. Kd1 Kh5 46. Bf5
Nd3 47. Nxd3 exd3 48. Rxd3 Bf3+ 49. Ke1 g4 50. e4 Kg5 51. d5 Kf4 52. d6 g3 53.
Bh3 Rxh3 54. d7 Rh1+ 55. Kd2 Rh2+ 56. Kc3 Rh8 57. d8=Q Rxd8 58. Rxd8 g2 59.
Rf8+ Kxe4 60. Rg8 Ke3 0-1

[Event "26. Copenhagen Open  (Politiken Cup)"]
[Site "Taastrup"]
[Date "2004.07.28"]
[Round "6"]
[White "Kallenbach, Uffe"]
[Black "Thestrup, Sixten"]
[Result "0-1"]
[WhiteElo "1445"]
[BlackElo "1917"]
[PlyCount "94"]
[EventDate "2004.07.24"]
[EventType "swiss"]
[EventRounds "10"]
[EventCountry "DEN"]
[SourceDate "2004.01.01"]

1. d4 f5 2. h3 Nf6 3. g4 fxg4 4. hxg4 Nxg4 5. Qd3 g6 6. Nf3 d5 7. Nc3 Bf5 8. e4
dxe4 9. Nxe4 Qd5 10. Nc3 Qe6+ 11. Qe2 Qxe2+ 12. Bxe2 Nc6 13. Bb5 O-O-O 14. Bxc6
bxc6 15. Be3 h6 16. O-O-O Nxe3 17. fxe3 Bg4 18. Rdf1 Bg7 19. Nh4 Bh5 20. Rfg1
Bf6 21. Nxg6 Bxg6 22. Rxg6 Bg5 23. Nd1 Rhf8 24. c3 Rd6 25. Rg7 Kd8 26. Kc2 Kc8
27. c4 Rdf6 28. Rh3 Rf3 29. Rxf3 Rxf3 30. Kd3 Bf6 31. Rg2 h5 32. Rh2 h4 33. Ke4
Rg3 34. Re2 Kd7 35. Nf2 Rg2 36. Kf3 Rg3+ 37. Ke4 Bg5 38. Nh1 Rg1 39. Rh2 Re1
40. Rh3 Re2 41. Kf5 Rxe3 42. Nf2 Rxh3 43. Nxh3 Bf6 44. Ke4 c5 45. dxc5 Bxb2 46.
Kf4 Kc6 47. Ng5 Bc1+ 0-1

[Event "26. Copenhagen Open  (Politiken Cup)"]
[Site "Taastrup"]
[Date "2004.07.28"]
[Round "6"]
[White "Lahlum, Hans Olav"]
[Black "Gvein, Kenneth"]
[Result "1-0"]
[WhiteElo "2254"]
[BlackElo "2102"]
[PlyCount "71"]
[EventDate "2004.07.24"]
[EventType "swiss"]
[EventRounds "10"]
[EventCountry "DEN"]
[SourceDate "2004.01.01"]

1. d4 d5 2. c4 c6 3. Nc3 Nf6 4. e3 a6 5. Qc2 g6 6. Bd3 Bg7 7. Nf3 Bg4 8. Ne5
Be6 9. O-O Nbd7 10. f4 dxc4 11. Nxc4 b5 12. Ne5 Nxe5 13. fxe5 Nd7 14. Ne4 Rc8
15. Ng5 Nf8 16. b4 Bh6 17. Ne4 Nd7 18. Bd2 O-O 19. a4 Nb6 20. Nc5 Bc4 21. Rf3
Bxd3 22. Qxd3 Nc4 23. Qc3 Bg7 24. Be1 Ra8 25. a5 e6 26. Bg3 Qd5 27. Raf1 Ra7
28. Bh4 Rd8 29. Bxd8 Qxd8 30. Ne4 Bh6 31. Nf6+ Kh8 32. Rh3 Qf8 33. Rff3 Nxe3
34. Rxe3 Bxe3+ 35. Qxe3 Qxb4 36. Rxh7# 1-0

[Event "26. Copenhagen Open  (Politiken Cup)"]
[Site "Taastrup"]
[Date "2004.07.28"]
[Round "6"]
[White "Larsen, Alex"]
[Black "Hein, Jacob"]
[Result "1-0"]
[WhiteElo "1182"]
[BlackElo "1351"]
[PlyCount "59"]
[EventDate "2004.07.24"]
[EventType "swiss"]
[EventRounds "10"]
[EventCountry "DEN"]
[SourceDate "2004.01.01"]

1. e4 e6 2. c4 Nc6 3. Nf3 d6 4. d4 Nf6 5. Nc3 h6 6. Be3 Be7 7. Be2 O-O 8. O-O
b6 9. Qd2 Ng4 10. h3 Nxe3 11. fxe3 f5 12. d5 exd5 13. Qxd5+ Kh8 14. Qxc6 Rb8
15. Qd5 Bb7 16. Qd3 Qd7 17. Nh2 fxe4 18. Nxe4 Qe6 19. Bf3 Qg6 20. Nf2 Qg3 21.
Bxb7 Rxb7 22. Qe4 c6 23. Nfg4 Rxf1+ 24. Rxf1 Rc7 25. Qf4 Qh4 26. Nf3 Qh5 27.
Nd4 Bf6 28. Nxf6 gxf6 29. Qxf6+ Rg7 30. Nf5 1-0

[Event "26. Copenhagen Open  (Politiken Cup)"]
[Site "Taastrup"]
[Date "2004.07.28"]
[Round "6"]
[White "Larsen, Allan"]
[Black "Hansen, Rene Rauer"]
[Result "1/2-1/2"]
[WhiteElo "2158"]
[BlackElo "2066"]
[PlyCount "70"]
[EventDate "2004.07.24"]
[EventType "swiss"]
[EventRounds "10"]
[EventCountry "DEN"]
[SourceDate "2004.01.01"]

1. e4 d6 2. d3 e5 3. f4 Nc6 4. Nf3 g6 5. g3 Bg7 6. c3 f5 7. Bg2 fxe4 8. dxe4
Nf6 9. Nbd2 O-O 10. O-O Kh8 11. Qb3 Qe7 12. Ng5 h6 13. Ngf3 Kh7 14. Nh4 exf4
15. gxf4 Ng4 16. Ndf3 Bf6 17. Nxg6 Kxg6 18. h3 Nge5 19. fxe5 Nxe5 20. Nd4 Kh7
21. Be3 Ng6 22. Qd5 Qe5 23. Qc4 Nh4 24. Qxc7+ Kh8 25. Rxf6 Rxf6 26. Ne2 Nxg2
27. Bd4 Qg5 28. Qd8+ Kh7 29. Bxf6 Qe3+ 30. Kh2 Kg6 31. Qe7 Qxh3+ 32. Kg1 Qe3+
33. Kh2 Qh3+ 34. Kg1 Qe3+ 35. Kh2 Qh3+ 1/2-1/2

[Event "26. Copenhagen Open  (Politiken Cup)"]
[Site "Taastrup"]
[Date "2004.07.28"]
[Round "6"]
[White "Larsen, Andreas"]
[Black "Danielsen, Magnus"]
[Result "1-0"]
[WhiteElo "1537"]
[BlackElo "1928"]
[PlyCount "59"]
[EventDate "2004.07.24"]
[EventType "swiss"]
[EventRounds "10"]
[EventCountry "DEN"]
[SourceDate "2004.01.01"]

1. b4 e5 2. Bb2 d6 3. e3 b6 4. c4 Nd7 5. Nf3 e4 6. Nd4 Bb7 7. Nb3 Ngf6 8. g4
Ne5 9. Bxe5 dxe5 10. a3 Be7 11. Nc3 h6 12. Rg1 Nh7 13. Qc2 Ng5 14. Be2 Nf3+ 15.
Bxf3 exf3 16. Qf5 Bf6 17. Ne4 Rg8 18. Qxf3 Kf8 19. Nc1 a5 20. b5 Qc8 21. d3 Ke7
22. Ne2 Rd8 23. Rd1 Qd7 24. N2g3 Kf8 25. Nf5 Be7 26. g5 Bxe4 27. Qxe4 hxg5 28.
Nxe7 Kxe7 29. Rxg5 g6 30. Rxe5+ 1-0

[Event "26. Copenhagen Open  (Politiken Cup)"]
[Site "Taastrup"]
[Date "2004.07.28"]
[Round "6"]
[White "Larsen, Karsten"]
[Black "Malmberg, Mio"]
[Result "1-0"]
[WhiteElo "2302"]
[BlackElo "2114"]
[PlyCount "153"]
[EventDate "2004.07.24"]
[EventType "swiss"]
[EventRounds "10"]
[EventCountry "DEN"]
[SourceDate "2004.01.01"]

1. g3 c5 2. Bg2 Nc6 3. d3 g6 4. f4 Bg7 5. Nf3 e6 6. e4 Nge7 7. c3 d5 8. O-O O-O
9. Qe2 b6 10. e5 Nf5 11. g4 Nh4 12. Nxh4 Qxh4 13. Nd2 f6 14. exf6 Qxf6 15. Nf3
Bd7 16. Bd2 Rae8 17. Rae1 e5 18. Nxe5 Nxe5 19. fxe5 Qxe5 20. Rxf8+ Kxf8 21.
Qf3+ Qf6 22. Qxf6+ Bxf6 23. Bh6+ Kf7 24. Bxd5+ Be6 25. Rxe6 Rxe6 26. Bf4 Ke7
27. Bxe6 Kxe6 28. Kf2 b5 29. Ke3 Kd5 30. Kd2 a6 31. b3 c4 32. Bc7 Bg5+ 33. Kc2
Be3 34. Bd8 Bf4 35. h3 Be3 36. Bf6 Bf4 37. Bg7 Bg5 38. Bd4 Bf4 39. Bh8 Bg5 40.
Bg7 Bf4 41. Bd4 Bg5 42. Bf2 Bh6 43. Be1 Be3 44. Bd2 Bf2 45. Bf4 Bc5 46. Kd2 Bb6
47. Be3 Bd8 48. Bd4 Bg5+ 49. Be3 Bd8 50. Ke2 Bc7 51. dxc4+ bxc4 52. b4 Be5 53.
Bd2 Bf6 54. Kf3 Be5 55. a4 Bf6 56. Be1 Be5 57. Ke2 Kc6 58. Ke3 Kd5 59. Kd2 Kc6
60. Bf2 Bf4+ 61. Be3 Be5 62. Bd4 Bf4+ 63. Ke2 Kd5 64. Kf3 Bh2 65. b5 axb5 66.
axb5 Bb8 67. b6 Bh2 68. Be3 Kc6 69. Ke4 Bg3 70. Bd4 Bh2 71. Be5 Bg1 72. Bc7 Bf2
73. Bd8 h6 74. Ke5 Be1 75. Kd4 Kb5 76. Bc7 Bf2+ 77. Kd5 1-0

[Event "26. Copenhagen Open  (Politiken Cup)"]
[Site "Taastrup"]
[Date "2004.07.28"]
[Round "6"]
[White "Larsen, Knud"]
[Black "Hyldkrog, Mikkel"]
[Result "0-1"]
[WhiteElo "1965"]
[BlackElo "1591"]
[PlyCount "33"]
[EventDate "2004.07.24"]
[EventType "swiss"]
[EventRounds "10"]
[EventCountry "DEN"]
[SourceDate "2004.01.01"]

1. e4 e6 2. d4 d5 3. exd5 exd5 4. Bd3 Nf6 5. Bf4 Bd6 6. Qd2 O-O 7. Ne2 Re8 8.
Nbc3 c6 9. O-O Qc7 10. Bxd6 Qxd6 11. Rfe1 Be6 12. Nf4 Nbd7 13. Nxe6 Rxe6 14.
Rxe6 Qxe6 15. Re1 Qd6 16. Ne2 Re8 17. Nf4 0-1

[Event "26. Copenhagen Open  (Politiken Cup)"]
[Site "Taastrup"]
[Date "2004.07.28"]
[Round "6"]
[White "Laursen, Steen"]
[Black "Jensen, Jannick"]
[Result "0-1"]
[WhiteElo "1302"]
[BlackElo "1994"]
[PlyCount "64"]
[EventDate "2004.07.24"]
[EventType "swiss"]
[EventRounds "10"]
[EventCountry "DEN"]
[SourceDate "2004.01.01"]

1. e4 c5 2. Nf3 d6 3. Bb5+ Nc6 4. O-O a6 5. Bxc6+ bxc6 6. Re1 e5 7. d3 Nf6 8.
Nbd2 Be7 9. Qe2 O-O 10. Kh1 Ne8 11. Nc4 f5 12. exf5 Bxf5 13. Ne3 Bg6 14. Bd2
Bh5 15. g4 Bg6 16. Ng2 Nc7 17. h4 Qd7 18. Nh2 Rae8 19. h5 Bf7 20. h6 g6 21. c4
Ne6 22. f3 Nd4 23. Qd1 Qd8 24. Qc1 Bh4 25. Re4 d5 26. Rxd4 cxd4 27. g5 Bg3 28.
Ng4 Be6 29. cxd5 Bxg4 30. fxg4 Qxd5 31. Bb4 Rf7 32. Qg1 Qf3 0-1